000 00687nam a2200265Ia 4500
005 20260121165451.0
008 008 260114s9999 xx 000 0 eng d
020 _a9783319598345
037 _aEBOOK
040 _aCRL
040 _beng
040 _cCRL
041 _2eng
041 _aeng
084 _qCRL
100 _aSourav Mazumder, Robin Singh Bhadoria, Ganesh Chandra Deka
_91052063
245 0 _aDistributed Computing in Big Data Analytics
260 _bSpringer
260 _bSpringer
260 _c2017
856 _uhttps://link.springer.com/openurl?genre=book&isbn=978-3-319-59834-5
942 _cEBOOK
999 _c1617788
_d1617788